=LDR 00000nam 2200000 4500 =001 000495 =005 20250712030351 =035 ##$$a 0010-0725000357 =007 ta =008 250712################a##########0#ind## =020 ##$$a 978-623-307-178-9 =082 ##$$a 398.209 598 02 =100 #$$a Maya, Nindia =245 1#$$a Damar kurung persahabatan /$c Nindia maya =250 ##$$a Kedua =260 ##$$a Jakarta :$b Badan pengembangan dan pembinaan bahasa,$c 2022 =300 ##$$a 28 hlm. : $b ilus. ; $c 29,7 cm =650 #4$$a cerita anak Jawa Timur =700 #$$a Yulia Qomariah =600 #4$$a Literasi bahan bacaan =084 ##$$a 398.209 598 02 MAY d =990 ##$$a TBM202400246 =990 ##$$a TBM202400248